Statystyki dla Państwa, które dzielą te regiony

Kliknij tutaj aby rozwiązać quiz!

Ogólne statystyki

  • Ten quiz został rozwiązany 1 155 razy
  • Średni wynik to 18 z 23

Statystyki odpowiedzi

Wspólny regionKraj% Poprawnych
SzlezwikNiemcy
92%
TyrolAustria
91%
*GalicjaHiszpania
90%
Ontario (jezioro)Kanada
90%
Ontario (jezioro)Stany Zjednoczone
90%
TyrolWłochy
90%
Saint-MartinFrancja
87%
*GalicjaPortugalia
87%
KareliaRosja
86%
*GalicjaPolska
85%
*GalicjaUkraina
83%
SzlezwikDania
82%
KaszmirIndie
81%
KaszmirChiny
79%
KaszmirPakistan
74%
PatagoniaArgentyna
73%
AtakamaChile
73%
PatagoniaChile
73%
KareliaFinlandia
72%
AtakamaPeru
67%
Saint-MartinHolandia
58%
BaczkaWęgry
39%
BaczkaSerbia
35%

Rozkład punktacji

Percentyl według liczby udzielonych odpowiedzi

Procent ludzi z każdym wynikiem

Twoja historia wyników

Nie rozwiązałeś tego quizu